00419nam a2200145Ia 450000500170000000800410001702000150005808200130007310000140008624500380010025000080013826000500014630000160019650000610021220250519014945.0240331s9999 xx 000 0 und d a9559102338 bBHAa305 aBhasin, K 0aPenn Entral Enna? Aan Entral Enna a3rd aColombobSocial Scientists Associataionc2006 aiv, 49 p ., aSinhala and translation of What is Girl ? What is a Boy?